[Event "SRB-chT Men 1st League 2019"]
[Site "Subotica"]
[Date "2019.08.30"]
[Round "9.18"]
[White "Laketic, Gojko"]
[Black "Milekic, Daniel"]
[Result "0-1"]
[WhiteElo "2376"]
[BlackElo "2298"]
[Annotator "NA"]
[PlyCount "91"]
[EventDate "2019.08.23"]
[EventType "team-tourn"]
[EventCountry "SRB"]
[SourceTitle "playchess.com"]
[Source "ChessBase"]
[SourceQuality "1"]
[TimeControl "40/5400+30:1800+30"]

1. d4 {[%emt 0:04:07]} Nf6 {[%emt 0:00:00]} 2. c4 {[%emt 0:00:14]} e6 {[%emt 0:00:14]} 3. Nf3 {[%emt 0:00:56]} d5 {[%emt 0:00:06]} 4. Nc3 {[%emt 0:04:00]} c6 {[%emt 0:00:22]} 5. e3 {[%emt 0:02:53]} Nbd7 {[%emt 0:00:07]} 6. Qc2 {[%emt 0:00:28]} b6 {[%emt 0:00:11]} 7. cxd5 {[%emt 0:06:23]} exd5 {[%emt 0:00:10]} 8. Bd3 {[%emt 0:00:06]} Bb7 {[%emt 0:00:06]} 9. O-O {[%emt 0:00:28]} Be7 {[%emt 0:00:06]} 10. e4 {[%emt 0:05:45]} dxe4 {[%emt 0:02:53]} 11. Nxe4 {[%emt 0:00:06]} O-O {[%emt 0:01:18]} 12. Ne5 {[%emt 0:12:22]} c5 {[%emt 0:00:10]} 13. Ng5 {[%emt 0:17:01]} g6 {[%emt 0:01:07]} 14. Bc4 {[%emt 0:16:14]} Nd5 {[%emt 0:01:45]} 15. Qb3 {[%emt 0:08:19]} Nxe5 {[%emt 0:17:51]} 16. dxe5 {[%emt 0:00:09]} Bxg5 {[%emt 0:00:31]} 17. Rd1 {[%emt 0:04:45]} Bxc1 {[%emt 0:01:14]} 18. Raxc1 {[%emt 0:00:27]} Qg5 {[%emt 0:03:21]} 19. Bxd5 {[%emt 0:00:19]} Bxd5 {[%emt 0:00:20]} 20. Qxd5 {[%emt 0:00:20]} Rad8 {[%emt 0:00:36]} 21. Qe4 {[%emt 0:04:17]} Rd4 {[%emt 0:01:53]} 22. Qe1 {[%emt 0:05:03]} Re8 {[%emt 0:03:38]} 23. Rxd4 {[%emt 0:00:09]} cxd4 {[%emt 0:00:06]} 24. e6 {[%emt 0:00:19]} Rxe6 {[%emt 0:10:03]} 25. Rc8+ {[%emt 0:00:03]} Kg7 {[%emt 0:00:09]} 26. Qb4 {[%emt 0:00:01]} Qe5 {[%emt 0:07:15]} 27. Qf8+ {[%emt 0:00:45]} Kf6 {[%emt 0:00:09]} 28. h4 {[%emt 0:05:00]} Qe1+ {[%emt 0:10:34]} 29. Kh2 {[%emt 0:00:01]} Qxf2 {[%emt 0:01:42]} 30. Qd8+ {[%emt 0:02:30]} Kf5 {[%emt 0:01:37]} 31. Qd5+ {[%emt 0:00:35]} Kf4 {[%emt 0:00:42]} 32. Qg5+ {[%emt 0:01:09]} Ke4 {[%emt 0:00:20]} 33. Rd8 {[%emt 0:00:17]} f5 {[%emt 0:07:53]} 34. Rd7 {[%emt 0:00:41]} Qe3 {[%emt 0:05:52]} 35. Qd8 {[%emt 0:00:41]} Kd3 {[%emt 0:00:44]} 36. Qc7 {[%emt 0:00:35]} f4 {[%emt 0:02:54]} 37. Qc3+ {[%emt 0:00:29]} Ke4 {[%emt 0:04:05]} 38. Qc2+ {[%emt 0:00:30]} Qd3 {[%emt 0:01:27]} 39. Qc8 {[%emt 0:00:32]} Qg3+ {[%emt 0:00:27]} 40. Kg1 {[%emt 0:00:00]} Qe1+ {[%emt 0:00:00]} 41. Kh2 {[%emt 0:00:06]} Qxh4+ {[%emt 0:46:32]} 42. Kg1 Qe1+ {[%emt 0:00:00]} 43. Kh2 {[%emt 0:01:41]} Ke3 {[%emt 0:00:00]} 44. Rxh7 {[%emt 0:00:48]} Kf2 {[%emt 0:00:00]} 45. Qc2+ {[%emt 0:18:08]} Re2 {[%emt 0:00:00]} 46. Qc4 {[%emt 0:13:18]} 0-1

[Event "SRB-chT Men 1st League 2019"]
[Site "Subotica"]
[Date "2019.08.31"]
[Round "10.1"]
[White "Sedlak, Nikola"]
[Black "Rakhmanov, Aleksandr"]
[Result "1/2-1/2"]
[WhiteElo "2590"]
[BlackElo "2606"]
[Annotator "TA"]
[PlyCount "28"]
[EventDate "2019.08.23"]
[EventType "team-tourn"]
[EventCountry "SRB"]
[SourceTitle "playchess.com"]
[Source "ChessBase"]
[SourceQuality "1"]

{[%evp 15,28,25,28,12,12,13,14,12,12,14,11,0,15,-4,-4]} 1. e4 e5 2. Nf3 Nf6 3. Nxe5 d6 4. Nf3 Nxe4 5. d4 d5 6. Bd3 Bf5 7. O-O Be7 8. Re1 O-O 9. Nbd2 {[%cal Rd2e4,Bb1d2,Bd2f1,Bf1g3][%mdl 32] C42: Petroff Defence: 3 Nxe5 and unusual White 3rd moves} Nd6 $1 {The position is equal.} 10. Nf1 $146 (10. Nb3 c6 11. Bf4 Bxd3 12. Qxd3 Ne4 13. Re2 Na6 14. Rae1 Nc7 15. Bxc7 Qxc7 16. Nbd2 Bb4 {½-½ (65) Nepomniachtchi,I (2763)-Duda,J (2738) Wijk aan Zee 2019}) 10... c6 11. Ng3 Bxd3 12. Qxd3 Na6 13. Bf4 Nc7 14. Bxd6 Bxd6 1/2-1/2

[Event "SRB-chT Men 1st League 2019"]
[Site "Subotica"]
[Date "2019.08.31"]
[Round "10.2"]
[White "Perunovic, Milos"]
[Black "Berkes, Ferenc"]
[Result "1/2-1/2"]
[WhiteElo "2569"]
[BlackElo "2666"]
[Annotator "TA"]
[PlyCount "46"]
[EventDate "2019.08.23"]
[EventType "team-tourn"]
[EventCountry "SRB"]
[SourceTitle "playchess.com"]
[Source "ChessBase"]
[SourceQuality "1"]

{[%evp 28,46,37,25,47,34,47,15,19,25,25,21,33,22,31,20,21,14,15,18,5]} 1. e4 Nf6 2. e5 Nd5 3. d4 d6 4. c4 Nb6 5. f4 Bf5 6. Nc3 dxe5 7. fxe5 e6 8. Nf3 Nc6 9. Be3 Be7 10. Be2 O-O 11. O-O f6 12. exf6 Bxf6 13. Qd2 Qe7 14. Rad1 Rad8 15. Qc1 e5 {[%cal Re5d4] B03: Alekhine's Defence: Four Pawns Attack} 16. d5 Nd4 $1 17. Nxd4 (17. Bxd4 exd4 18. Nxd4 Bg5 19. Qa1 Be3+ 20. Kh1 Bxd4 21. Rxd4 Na4 22. Nxa4 Qxe2 23. Nc3 {½-½ (46) Sevian,S (2647)-Boros,D (2442) Burlingame 2019}) 17... exd4 18. Bxd4 Bg5 19. Qa1 Na4 $146 {[#] Hoping for ...Nxc3.} ({Predecessor:} 19... c5 20. Bf2 Bc2 21. Rde1 Rxf2 22. Rxf2 Be3 23. Ref1 {0-1 (74) Dushin,A (2440)-Siewert,W (2457) ICCF email 2003}) 20. Bf3 Be3+ $1 21. Bxe3 Qxe3+ {The position is equal.} 22. Kh1 Nxc3 23. bxc3 b6 1/2-1/2

[Event "SRB-chT Men 1st League 2019"]
[Site "Subotica"]
[Date "2019.08.31"]
[Round "10.3"]
[White "Popovic, Dusan"]
[Black "Damljanovic, Branko"]
[Result "1/2-1/2"]
[WhiteElo "2481"]
[BlackElo "2483"]
[Annotator "ChessBase"]
[PlyCount "119"]
[EventDate "2019.08.23"]
[EventType "team-tourn"]
[EventCountry "SRB"]
[SourceTitle "playchess.com"]
[Source "ChessBase"]
[SourceQuality "1"]
[TimeControl "40/5400+30:1800+30"]

1. e4 {[%emt 0:00:00]} c5 {[%emt 0:00:00]} 2. Nc3 {[%emt 0:00:00]} Nc6 {[%emt 0:00:39]} 3. Bb5 {[%emt 0:00:00]} Nd4 {[%emt 0:00:05]} 4. Nf3 {[%emt 0:00:00]} e6 {[%emt 0:00:16]} 5. O-O {[%emt 0:01:04]} a6 {[%emt 0:04:18]} 6. Bd3 {[%emt 0:00:06]} Ne7 {[%emt 0:00:09]} 7. Nxd4 {[%emt 0:00:59]} cxd4 {[%emt 0:00:02]} 8. Ne2 {[%emt 0:00:09]} Nc6 {[%emt 0:00:04]} 9. c3 {[%emt 0:00:13]} Bc5 {[%emt 0:02:45]} 10. b4 {[%emt 0:00:30]} Ba7 {[%emt 0:00:21]} 11. Bb2 {[%emt 0:00:22]} dxc3 {[%emt 0:02:14]} 12. Bxc3 {[%emt 0:06:09]} O-O {[%emt 0:00:05]} 13. a4 {[%emt 0:01:15]} d5 {[%emt 0:00:07]} 14. exd5 {[%emt 0:18:35]} exd5 {[%emt 0:16:42]} 15. b5 {[%emt 0:00:41]} d4 {[%emt 0:07:11]} 16. bxc6 {[%emt 0:04:54]} dxc3 {[%emt 0:02:22]} 17. Be4 {[%emt 0:10:30]} bxc6 {[%emt 0:06:59]} 18. Bxc6 {[%emt 0:04:21]} Rb8 {[%emt 0:00:03]} 19. dxc3 {[%emt 0:05:08]} Qf6 {[%emt 0:06:22]} 20. Bd5 {[%emt 0:03:34]} Rd8 {[%emt 0:06:02]} 21. c4 {[%emt 0:11:15]} Be6 {[%emt 0:06:51]} 22. Ra3 {[%emt 0:04:30]} Bxd5 {[%emt 0:04:12]} 23. cxd5 {[%emt 0:00:11]} Rxd5 {[%emt 0:00:22]} 24. Rd3 {[%emt 0:06:35]} Rxd3 {[%emt 0:01:41]} 25. Qxd3 {[%emt 0:00:25]} g6 {[%emt 0:00:53]} 26. g3 {[%emt 0:01:08]} Rd8 {[%emt 0:10:02]} 27. Qe4 {[%emt 0:05:34]} Kg7 {[%emt 0:01:25]} 28. Qb7 {[%emt 0:02:12]} Bc5 {[%emt 0:01:44]} 29. Qc7 {[%emt 0:02:57]} Bb6 {[%emt 0:01:03]} 30. Qc2 {[%emt 0:00:05]} h5 {[%emt 0:03:36]} 31. Nf4 {[%emt 0:01:03]} h4 {[%emt 0:02:35]} 32. Rb1 {[%emt 0:01:20]} Rd6 {[%emt 0:02:12]} 33. Qe2 {[%emt 0:00:53]} Qf5 {[%emt 0:01:05]} 34. Rc1 {[%emt 0:02:30]} hxg3 {[%emt 0:06:34]} 35. hxg3 {[%emt 0:00:07]} Qf6 {[%emt 0:01:32]} 36. Rb1 {[%emt 0:02:39]} Qd4 {[%emt 0:00:55]} 37. Qc2 {[%emt 0:01:19]} Qe5 {[%emt 0:01:49]} 38. Kg2 {[%emt 0:01:00]} Qd4 {[%emt 0:01:46]} 39. Kg1 {[%emt 0:03:16]} Bd8 {[%emt 0:01:40]} 40. Rb7 {[%emt 0:00:00]} Qd1+ {[%emt 0:00:00]} 41. Qxd1 {[%emt 0:01:51]} Rxd1+ {[%emt 0:00:40]} 42. Kg2 {[%emt 0:00:07]} Rd6 {[%emt 0:00:14]} 43. Kf3 {[%emt 0:21:00]} Bb6 {[%emt 0:04:50]} 44. Ke2 {[%emt 0:00:29]} Bd4 {[%emt 0:04:54]} 45. g4 {[%emt 0:01:03]} Rc6 {[%emt 0:02:04]} 46. Nd5 {[%emt 0:03:58]} Re6+ {[%emt 0:08:54]} 47. Kf3 {[%emt 0:00:32]} Rd6 {[%emt 0:00:51]} 48. Ne3 {[%emt 0:01:29]} Rf6+ {[%emt 0:00:38]} 49. Ke4 {[%emt 0:00:25]} Bc5 {[%emt 0:02:02]} 50. Rc7 {[%emt 0:01:35]} Re6+ {[%emt 0:01:56]} 51. Kf3 {[%emt 0:00:35]} Bxe3 {[%emt 0:03:05]} 52. fxe3 {[%emt 0:00:05]} Re5 {[%emt 0:00:33]} 53. Rc6 {[%emt 0:00:26]} Ra5 {[%emt 0:00:26]} 54. Rc4 {[%emt 0:00:04]} Kf6 {[%emt 0:00:51]} 55. Kf4 {[%emt 0:01:47]} Ke6 {[%emt 0:00:33]} 56. Rb4 {[%emt 0:00:16]} f6 {[%emt 0:03:44]} 57. Rb6+ {[%emt 0:01:11]} Ke7 {[%emt 0:00:00]} 58. Rb7+ {[%emt 0:00:43]} Ke6 {[%emt 0:00:08]} 59. Rb6+ {[%emt 0:00:05]} Ke7 {[%emt 0:00:04]} 60. Ke4 {[%emt 0:04:50]} 1/2-1/2

[Event "SRB-chT Men 1st League 2019"]
[Site "Subotica"]
[Date "2019.08.31"]
[Round "10.4"]
[White "Tadic, Branko"]
[Black "Cabarkapa, Novak"]
[Result "1-0"]
[WhiteElo "2488"]
[BlackElo "2434"]
[Annotator "ChessBase"]
[PlyCount "65"]
[EventDate "2019.08.23"]
[EventType "team-tourn"]
[EventCountry "SRB"]
[SourceTitle "playchess.com"]
[Source "ChessBase"]
[SourceQuality "1"]
[TimeControl "40/5400+30:1800+30"]

1. Nf3 {[%emt 0:01:32]} Nf6 {[%emt 0:00:00]} 2. g3 {[%emt 0:00:10]} g6 {[%emt 0:00:00]} 3. b3 {[%emt 0:00:49]} Bg7 {[%emt 0:00:07]} 4. Bb2 {[%emt 0:00:07]} O-O {[%emt 0:00:15]} 5. Bg2 {[%emt 0:01:11]} d6 {[%emt 0:00:09]} 6. d4 {[%emt 0:00:07]} c5 {[%emt 0:00:37]} 7. c4 {[%emt 0:07:52]} Qa5+ {[%emt 0:00:37]} 8. Bc3 {[%emt 0:08:30]} Qc7 {[%emt 0:00:05]} 9. Nbd2 {[%emt 0:05:42]} Re8 {[%emt 0:00:10]} 10. d5 {[%emt 0:06:08]} e5 {[%emt 0:02:10]} 11. e4 {[%emt 0:06:16]} b5 {[%emt 0:04:58]} 12. cxb5 {[%emt 0:00:43]} Nxd5 {[%emt 0:01:05]} 13. exd5 {[%emt 0:11:53]} e4 {[%emt 0:00:17]} 14. Ne5 {[%emt 0:00:10]} Bxe5 {[%emt 0:12:09]} 15. Bxe5 {[%emt 0:00:08]} Rxe5 {[%emt 0:00:06]} 16. O-O {[%emt 0:00:15]} f5 {[%emt 0:00:35]} 17. Nc4 {[%emt 0:05:26]} Re8 {[%emt 0:05:25]} 18. f3 {[%emt 0:03:50]} exf3 {[%emt 0:03:31]} 19. Re1 {[%emt 0:07:09]} Bd7 {[%emt 0:02:56]} 20. Qxf3 {[%emt 0:00:45]} Bxb5 {[%emt 0:07:08]} 21. Qf4 {[%emt 0:08:18]} Rd8 {[%emt 0:06:54]} 22. Qh4 {[%emt 0:03:01]} Re8 {[%emt 0:04:11]} 23. a4 {[%emt 0:07:10]} Bd7 {[%emt 0:00:07]} 24. Re7 {[%emt 0:00:17]} Rxe7 {[%emt 0:00:06]} 25. Qxe7 {[%emt 0:00:05]} Na6 {[%emt 0:00:05]} 26. Nxd6 {[%emt 0:00:12]} Rf8 {[%emt 0:01:19]} 27. Bf1 {[%emt 0:01:09]} Nb8 {[%emt 0:10:09]} 28. Bc4 {[%emt 0:00:27]} Qd8 {[%emt 0:00:34]} 29. Re1 {[%emt 0:00:17]} Qxe7 {[%emt 0:00:15]} 30. Rxe7 {[%emt 0:00:06]} f4 {[%emt 0:01:08]} 31. Ne4 {[%emt 0:00:48]} h6 {[%emt 0:02:23]} 32. Nxc5 {[%emt 0:00:59]} Bh3 {[%emt 0:00:38]} 33. Rxa7 {[%emt 0:00:53]} 1-0

[Event "SRB-chT Men 1st League 2019"]
[Site "Subotica"]
[Date "2019.08.31"]
[Round "10.5"]
[White "Lukovic, Vladimir"]
[Black "Nestorovic, Nikola"]
[Result "1-0"]
[WhiteElo "2420"]
[BlackElo "2468"]
[Annotator "ChessBase"]
[PlyCount "79"]
[EventDate "2019.08.23"]
[EventType "team-tourn"]
[EventCountry "SRB"]
[SourceTitle "playchess.com"]
[Source "ChessBase"]
[SourceQuality "1"]
[TimeControl "40/5400+30:1800+30"]

1. e4 {[%emt 1:30:30]} e5 {[%emt 1:30:30]} 2. Nf3 {[%emt 0:00:30]} Nc6 {[%emt 0:00:30]} 3. Nc3 {[%emt 0:00:30]} Nf6 {[%emt 0:00:30]} 4. Bb5 {[%emt 0:00:30]} Bd6 {[%emt 0:00:30]} 5. a3 {[%emt 0:00:30]} a6 {[%emt 0:00:30]} 6. Bc4 {[%emt 0:00:30]} Bc5 {[%emt 0:00:30]} 7. d3 {[%emt 0:00:30]} d6 {[%emt 0:00:30]} 8. Bg5 {[%emt 0:00:30]} h6 {[%emt 0:00:30]} 9. Bxf6 {[%emt 0:00:30]} Qxf6 {[%emt 0:00:30]} 10. Nd5 {[%emt 0:00:30]} Qd8 {[%emt 0:00:30]} 11. c3 {[%emt 0:00:30]} Ba7 {[%emt 0:00:30]} 12. O-O {[%emt 0:00:30]} Ne7 {[%emt 0:00:30]} 13. Nxe7 {[%emt 0:00:30]} Qxe7 {[%emt 0:00:30]} 14. Nd2 {[%emt 0:00:30]} h5 {[%emt 0:00:30]} 15. b4 {[%emt 0:00:30]} Bg4 {[%emt 0:00:30]} 16. Qe1 {[%emt 0:00:30]} g5 {[%emt 0:00:30]} 17. a4 {[%emt 0:00:30]} f5 {[%emt 0:00:30]} 18. b5 {[%emt 0:00:30]} f4 {[%emt 0:00:30]} 19. bxa6 {[%emt 0:00:30]} bxa6 {[%emt 0:00:30]} 20. Bd5 {[%emt 0:00:30]} Rb8 {[%emt 0:00:30]} 21. Rb1 {[%emt 0:00:30]} Kd7 {[%emt 0:00:30]} 22. Kh1 {[%emt 0:00:30]} Be6 {[%emt 0:00:30]} 23. Qe2 {[%emt 0:00:30]} g4 {[%emt 0:00:30]} 24. d4 {[%emt 0:00:30]} Bxd5 {[%emt 0:00:30]} 25. exd5 {[%emt 0:00:30]} Rxb1 {[%emt 0:00:30]} 26. Rxb1 {[%emt 0:00:30]} exd4 {[%emt 0:00:30]} 27. Qxa6 {[%emt 0:00:30]} Rb8 {[%emt 0:00:30]} 28. Rc1 {[%emt 0:00:30]} Rb2 {[%emt 0:00:30]} 29. Qd3 {[%emt 0:00:30]} dxc3 {[%emt 0:00:30]} 30. Qxc3 {[%emt 0:00:30]} Rb7 {[%emt 0:00:30]} 31. a5 {[%emt 0:00:30]} Bc5 {[%emt 0:00:30]} 32. a6 {[%emt 0:00:30]} Rb4 {[%emt 0:00:30]} 33. Nb3 {[%emt 0:00:30]} Ra4 {[%emt 0:00:30]} 34. Qd3 {[%emt 0:00:30]} Re4 {[%emt 0:00:30]} 35. Nxc5+ {[%emt 0:00:30]} dxc5 {[%emt 0:00:30]} 36. Qb1 {[%emt 0:00:30]} Rb4 {[%emt 0:00:30]} 37. Qa1 {[%emt 0:00:30]} g3 {[%emt 0:00:30]} 38. a7 {[%emt 0:00:30]} f3 {[%emt 0:00:30]} 39. hxg3 {[%emt 0:00:30]} fxg2+ {[%emt 0:00:30]} 40. Kg1 {[%emt 0:00:30]} 1-0

[Event "SRB-chT Men 1st League 2019"]
[Site "Subotica"]
[Date "2019.08.31"]
[Round "10.6"]
[White "Nestorovic, Lazar"]
[Black "Zegarac, Vuk"]
[Result "1/2-1/2"]
[WhiteElo "2374"]
[BlackElo "2310"]
[Annotator "NA"]
[PlyCount "104"]
[EventDate "2019.08.23"]
[EventType "team-tourn"]
[EventCountry "SRB"]
[SourceTitle "playchess.com"]
[Source "ChessBase"]
[SourceQuality "1"]
[TimeControl "40/5400+30:1800+30"]

1. e4 {[%emt 0:00:01]} c6 {[%emt 0:00:00]} 2. c4 {[%emt 0:00:13]} d5 {[%emt 0:00:00]} 3. exd5 {[%emt 0:00:13]} cxd5 {[%emt 0:00:08]} 4. cxd5 {[%emt 0:00:03]} Nf6 {[%emt 0:00:19]} 5. Nc3 {[%emt 0:00:09]} a6 {[%emt 0:01:46]} 6. Qb3 {[%emt 0:04:42]} g6 {[%emt 0:03:28]} 7. g3 {[%emt 0:01:54]} Bg7 {[%emt 0:02:09]} 8. Bg2 {[%emt 0:00:06]} O-O {[%emt 0:00:11]} 9. Nge2 {[%emt 0:00:16]} Nbd7 {[%emt 0:00:52]} 10. O-O {[%emt 0:00:46]} Ne8 {[%emt 0:02:34]} 11. d3 {[%emt 0:01:59]} Nd6 {[%emt 0:01:18]} 12. Be3 {[%emt 0:00:19]} Nf5 {[%emt 0:02:20]} 13. Bf4 {[%emt 0:01:22]} Ra7 {[%emt 0:05:42]} 14. Qa3 {[%emt 0:08:44]} Nf6 {[%emt 0:04:19]} 15. Nb5 {[%emt 0:11:06]} Ra8 {[%emt 0:01:12]} 16. d6 {[%emt 0:01:50]} Nxd6 {[%emt 0:01:10]} 17. Nxd6 {[%emt 0:00:26]} exd6 {[%emt 0:00:03]} 18. Bxd6 {[%emt 0:00:48]} Re8 {[%emt 0:00:03]} 19. Nc3 {[%emt 0:00:25]} Qb6 {[%emt 0:02:55]} 20. Na4 {[%emt 0:03:25]} Qa5 {[%emt 0:00:50]} 21. Rac1 {[%emt 0:03:48]} Bd7 {[%emt 0:03:14]} 22. Nc3 {[%emt 0:03:59]} Qh5 {[%emt 0:01:06]} 23. Qc5 {[%emt 0:08:07]} Bf5 {[%emt 0:02:46]} 24. Bxb7 {[%emt 0:03:38]} Rad8 {[%emt 0:03:08]} 25. Rfe1 {[%emt 0:01:52]} Ng4 {[%emt 0:02:27]} 26. h4 {[%emt 0:01:01]} Bxd3 {[%emt 0:00:35]} 27. Rxe8+ {[%emt 0:10:37]} Rxe8 {[%emt 0:00:07]} 28. Qc6 {[%emt 0:01:52]} Rd8 {[%emt 0:04:34]} 29. Re1 {[%emt 0:02:59]} Qf5 {[%emt 0:08:53]} 30. Re8+ {[%emt 0:19:50]} Bf8 {[%emt 0:00:04]} 31. Bf4 {[%emt 0:02:32]} Rxe8 {[%emt 0:02:49]} 32. Qxe8 {[%emt 0:00:04]} Qc5 {[%emt 0:00:03]} 33. Qe1 {[%emt 0:01:29]} Qb6 {[%emt 0:00:20]} 34. Bf3 {[%emt 0:00:48]} h5 {[%emt 0:03:20]} 35. Qd2 {[%emt 0:01:06]} Bc4 {[%emt 0:00:52]} 36. Bd5 {[%emt 0:01:03]} Bd3 {[%emt 0:05:17]} 37. Kg2 {[%emt 0:01:35]} Qd4 {[%emt 0:01:58]} 38. Bf3 {[%emt 0:02:14]} Bc5 {[%emt 0:01:08]} 39. Nd1 {[%emt 0:00:28]} Bb4 {[%emt 0:01:24]} 40. Qc1 {[%emt 0:00:00]} Be4 {[%emt 0:00:00]} 41. Ne3 {[%emt 0:23:49]} Bd2 {[%emt 0:02:56]} 42. Qc8+ {[%emt 0:00:26]} Kg7 {[%emt 0:00:58]} 43. Nxg4 {[%emt 0:01:09]} Bxf3+ {[%emt 0:04:37]} 44. Kxf3 {[%emt 0:00:21]} Bxf4 {[%emt 0:00:22]} 45. Nh2 {[%emt 0:01:39]} Be5 {[%emt 0:00:50]} 46. Qb7 {[%emt 0:01:58]} Qxb2 {[%emt 0:00:18]} 47. Qxa6 {[%emt 0:03:34]} Bd4 {[%emt 0:00:08]} 48. Qe2 {[%emt 0:00:07]} Qb7+ {[%emt 0:00:02]} 49. Qe4 {[%emt 0:00:05]} Qb2 {[%emt 0:00:04]} 50. Qe2 {[%emt 0:01:32]} Qb7+ {[%emt 0:00:04]} 51. Qe4 {[%emt 0:01:40]} Qb2 {[%emt 0:00:05]} 52. Qe2 {[%emt 0:00:09]} Qb7+ {[%emt 1:00:12] Ke4} 1/2-1/2

[Event "SRB-chT Men 1st League 2019"]
[Site "Subotica"]
[Date "2019.08.31"]
[Round "10.7"]
[White "Indjic, Aleksandar"]
[Black "Georgiev, Kiril"]
[Result "1/2-1/2"]
[WhiteElo "2617"]
[BlackElo "2581"]
[Annotator "TA"]
[PlyCount "86"]
[EventDate "2019.08.23"]
[EventType "team-tourn"]
[EventCountry "SRB"]
[SourceTitle "playchess.com"]
[Source "ChessBase"]
[SourceQuality "1"]

{[%evp 14,86,5,12,23,-8,31,-23,26,-8,18,16,32,22,54,49,56,56,59,62,64,64,68,41,48,49,48,48,47,43,60,67,51,43,63,53,68,43,60,13,55,45,44,33,52,0,0,0,0,0,0,0,0,0,0,0,0,0,0,0,0,0,0,0,0,0,0,0,0,0,0,0,0,0,0]} 1. d4 Nf6 2. c4 e6 3. Nc3 Bb4 4. Qc2 d5 5. cxd5 Qxd5 6. e3 c5 7. a3 Bxc3+ 8. bxc3 O-O {E34: Nimzo-Indian: Classical: 4...d5} 9. f3 (9. Nf3 b6 10. c4 Qc6 11. Bb2 Bb7 12. Be2 Nbd7 13. O-O cxd4 14. exd4 Rfd8 15. Rfe1 Rac8 16. Rac1 h6 17. Qb3 Nf8 {½-½ (35) Morovic Fernandez,I (2501)-Le,Q (2715) Batumi 2018}) 9... Qc6 $146 ({Predecessor:} 9... Nc6 10. Bb2 Bd7 11. c4 Qd6 12. Rd1 cxd4 13. exd4 Rac8 14. Bd3 Na5 15. c5 Qd5 16. Ne2 {½-½ (40) Shishkin,V (2454)-Llaneza Vega,M (2424) Gorzow Wielkopolski 2017}) 10. Qb3 ({White should play} 10. Qb2 $14) 10... b6 {Black has an edge.} 11. a4 Ba6 12. Bb5 Bxb5 13. axb5 Qc7 14. Ne2 Rc8 15. e4 cxd4 16. cxd4 a5 17. Ba3 Qd8 18. Kf2 Ra7 19. Rac1 Rac7 20. Rxc7 Rxc7 21. Rc1 Ne8 22. Rxc7 Qxc7 23. e5 h6 24. g3 Nd7 25. h4 Nf8 26. h5 Qd8 $1 27. Qc4 $1 Nc7 28. Nc3 Nd5 29. Bd6 ({White should try} 29. Ne4 $1 $14) 29... Nxc3 $11 {The position is equal.} 30. Qxc3 g6 31. Bc7 Qd5 $1 32. Bd6 {[#] Hoping for Qc8!} Kg7 ({Of course not} 32... Qxb5 $6 {[#]} 33. Qc8 $1 $16 {[%mdl 512]}) 33. Bxf8+ Kxf8 34. hxg6 {Threatens to win with Qa3+.} Qxb5 {[%mdl 4096] Endgame KQ-KQ} 35. Qc1 Kg7 36. gxf7 Kxf7 37. Qc7+ Kg6 38. Qc8 {White wants to mate with Qg8+.} Kf7 39. Qc7+ Kg6 40. g4 {aiming for Qd8.} Qd3 41. Qxb6 Qd2+ 42. Kg3 Qe1+ 43. Kg2 Qe2+ {Accuracy: White = 62%, Black = 57%.} 1/2-1/2

[Event "SRB-chT Men 1st League 2019"]
[Site "Subotica"]
[Date "2019.08.31"]
[Round "10.8"]
[White "Arsovic, Goran"]
[Black "Ivic, Velimir"]
[Result "0-1"]
[WhiteElo "2389"]
[BlackElo "2511"]
[Annotator "ChessBase"]
[PlyCount "114"]
[EventDate "2019.08.23"]
[EventType "team-tourn"]
[EventCountry "SRB"]
[SourceTitle "playchess.com"]
[Source "ChessBase"]
[SourceQuality "1"]
[TimeControl "40/5400+30:1800+30"]

1. d4 {[%emt 0:00:00]} Nf6 {[%emt 0:00:00]} 2. Nf3 {[%emt 0:00:05]} g6 {[%emt 0:00:00]} 3. c4 {[%emt 0:00:23]} Bg7 {[%emt 0:00:00]} 4. g3 {[%emt 0:00:09]} O-O {[%emt 0:00:00]} 5. Bg2 {[%emt 0:00:12]} d6 {[%emt 0:00:23]} 6. Nc3 {[%emt 0:01:14]} Nc6 {[%emt 0:00:23]} 7. O-O {[%emt 0:00:31]} Bf5 {[%emt 0:00:11]} 8. Be3 {[%emt 0:09:04]} Ng4 {[%emt 0:00:36]} 9. Bg5 {[%emt 0:01:55]} h6 {[%emt 0:00:35]} 10. Bd2 {[%emt 0:01:10]} e5 {[%emt 0:00:41]} 11. dxe5 {[%emt 0:07:51]} dxe5 {[%emt 0:03:25]} 12. Qc1 {[%emt 0:01:27]} Kh7 {[%emt 0:26:19]} 13. h3 {[%emt 0:19:31]} Nf6 {[%emt 0:00:18]} 14. Rd1 {[%emt 0:00:43]} Nd7 {[%emt 0:10:01]} 15. e4 {[%emt 0:12:03]} Be6 {[%emt 0:00:42]} 16. Nd5 {[%emt 0:06:37]} a5 {[%emt 0:04:04]} 17. Bc3 {[%emt 0:04:58]} Qc8 {[%emt 0:06:46]} 18. Qe3 {[%emt 0:02:48]} b6 {[%emt 0:00:37]} 19. b3 {[%emt 0:02:27]} Nc5 {[%emt 0:02:37]} 20. Kh2 {[%emt 0:00:15]} Bd7 {[%emt 0:03:42]} 21. Rac1 {[%emt 0:01:31]} Ne6 {[%emt 0:03:01]} 22. Qe2 {[%emt 0:06:43]} Qd8 {[%emt 0:08:49]} 23. h4 {[%emt 0:05:29]} Ncd4 {[%emt 0:11:00]} 24. Bxd4 {[%emt 0:00:27]} exd4 {[%emt 0:03:47]} 25. Qd2 {[%emt 0:05:13]} c6 {[%emt 0:02:41]} 26. Nf4 {[%emt 0:00:14]} Nxf4 {[%emt 0:00:24]} 27. Qxf4 {[%emt 0:00:05]} c5 {[%emt 0:00:23]} 28. a4 {[%emt 0:01:56]} Qe7 {[%emt 0:01:37]} 29. Qd2 {[%emt 0:03:36]} Rae8 {[%emt 0:01:25]} 30. Ne1 {[%emt 0:00:48]} Bc6 {[%emt 0:01:40]} 31. Nd3 {[%emt 0:00:24]} Bxe4 {[%emt 0:02:44]} 32. Re1 {[%emt 0:01:10]} Qb7 {[%emt 0:00:12]} 33. Rxe4 {[%emt 0:01:19]} Rxe4 {[%emt 0:00:06]} 34. Bxe4 {[%emt 0:00:03]} Qxe4 {[%emt 0:00:06]} 35. Re1 {[%emt 0:00:05]} Qf3 {[%emt 0:06:38]} 36. Qe2 {[%emt 0:01:03]} Qf5 {[%emt 0:01:05]} 37. Qe4 {[%emt 0:00:12]} Qf6 {[%emt 0:00:16]} 38. Qe7 {[%emt 0:01:47]} g5 {[%emt 0:00:56]} 39. hxg5 {[%emt 0:00:37]} hxg5 {[%emt 0:00:14]} 40. Kg2 {[%emt 0:00:00]} Qf5 {[%emt 0:00:00]} 41. Qe4 {[%emt 0:06:26]} Qxe4+ {[%emt 0:03:12]} 42. Rxe4 {[%emt 0:00:04]} Bf6 {[%emt 0:00:19]} 43. Re1 {[%emt 0:06:24]} Kg6 {[%emt 0:01:23]} 44. Re2 {[%emt 0:03:30]} Rh8 {[%emt 0:04:00]} 45. Re1 {[%emt 0:00:18]} Bd8 {[%emt 0:03:11]} 46. Re5 {[%emt 0:01:20]} Kf6 {[%emt 0:03:30]} 47. Re4 {[%emt 0:00:25]} Bc7 {[%emt 0:00:30]} 48. Re1 {[%emt 0:00:11]} Bd6 {[%emt 0:00:22]} 49. Re2 {[%emt 0:00:13]} g4 {[%emt 0:03:33]} 50. Re4 {[%emt 0:01:37]} Kf5 {[%emt 0:00:14]} 51. Re1 {[%emt 0:00:18]} Rh6 {[%emt 0:01:55]} 52. Re8 {[%emt 0:02:22]} Re6 {[%emt 0:01:07]} 53. Rxe6 {[%emt 0:00:27]} fxe6 {[%emt 0:00:52]} 54. f3 {[%emt 0:00:04]} gxf3+ {[%emt 0:00:41]} 55. Kxf3 {[%emt 0:00:06]} Bxg3 {[%emt 0:00:19]} 56. Kxg3 {[%emt 0:00:32]} Ke4 {[%emt 0:01:04]} 57. Nf2+ {[%emt 0:06:29]} Ke5 {[%emt 0:13:54]} 0-1